BTS : Paroles - Hate you de Jungkook - Statistiques

Statistiques générales
  • Ce quiz a été pris 75 fois
  • Le résultat moyen est 119 sur 171
Statistiques - réponses
Réponse % Correct
you
100%
hate
97%
I
97%
gonna
89%
I'm
84%
do
81%
that
81%
wish
81%
hurt
76%
me
76%
the
76%
we
76%
so
73%
were
73%
is
70%
like
70%
never
70%
and
68%
doesn't
68%
don't
68%
it
68%
my
68%
only
68%
back
65%
behind
65%
blame
65%
for
65%
hating
65%
someone
65%
way
65%
things
62%
know
59%
lies
59%
told
59%
but
57%
love
57%
kissed
54%
maybe
54%
pain
54%
went
54%
in
51%
microscope
51%
stuff
51%
perfect
49%
vilain
49%
did
46%
weren't
46%
paint
43%
still
43%
under
43%
close
41%
unforgivable
41%
put
38%
what
38%
came
35%
worth
32%
all
30%
our
30%
until
30%
not
27%
of
27%
truth
27%
can't
24%
face
22%
or
22%
cure
16%
Aucun quiz correspondant
Distribution des résultats
% des personnes avec chaque résultat
Percentile par nombre de réponses
Votre historique - résultats
Vous n’avez pas pris ce quiz